Chemical reaction engineering (Record no. 18666)

000 -LEADER
fixed length control field 00567nam a22001931 4500
001 - CONTROL NUMBER
control field 18666
003 - CONTROL NUMBER IDENTIFIER
control field BD-DhUET
008 - FIXED-LENGTH DATA ELEMENTS--GENERAL INFORMATION
fixed length control field 840403s1962 nyua b 000 0 eng c
040 ## - CATALOGING SOURCE
Original cataloging agency DLC/ICU
Transcribing agency DLC
Modifying agency BD-DhUET
082 0# - DEWEY DECIMAL CLASSIFICATION NUMBER
Classification number 660.299
Item number LEV/1964
100 ## - MAIN ENTRY--PERSONAL NAME
Personal name Levenspiel, Octave
245 10 - TITLE STATEMENT
Title Chemical reaction engineering
Remainder of title an introduction to the design of chemical reactors
250 ## - EDITION STATEMENT
Edition statement 1st ed.
260 ## - PUBLICATION, DISTRIBUTION, ETC. (IMPRINT)
Place of publication, distribution, etc. New York
Name of publisher, distributor, etc. John Wiley & Sons
Date of publication, distribution, etc. 1962
300 ## - PHYSICAL DESCRIPTION
Extent xv, 501 p.
Other physical details illus.
Dimensions 24 cm.
504 ## - BIBLIOGRAPHY, ETC. NOTE
Bibliography, etc Includes bibliographies
650 #0 - SUBJECT ADDED ENTRY--TOPICAL TERM
Topical term or geographic name as entry element Chemical engineering
942 ## - ADDED ENTRY ELEMENTS (KOHA)
Koha item type General Book
Holdings
Withdrawn status Koha date last seen Date acquired Price effective from Koha issues (times borrowed) Koha item type Koha normalized classification for sorting Not for loan Location (home branch) Shelving location Lost status Piece designation (barcode) Sublocation or collection (holding branch) Koha full call number Damaged status Copy number Koha date last borrowed Source of classification or shelving scheme
 2015-03-312015-03-312015-03-31 General Book660_299000000000000_LEV_1967 Central Library, BUETCirculation section 17501Central Library, BUET660.299/LEV/1967 1  
 2015-03-312015-03-312015-03-31 General Book660_299000000000000_LEV_1967 Central Library, BUETCirculation section 17821Central Library, BUET660.299/LEV/1967 2  
 2015-03-312015-03-312015-03-31 General Book660_299000000000000_LEV_1967 Central Library, BUETCirculation section 17822Central Library, BUET660.299/LEV/1967 3  
 2015-03-312015-03-312015-03-31 General Book660_299000000000000_LEV_1967 Central Library, BUETCirculation section 4402Central Library, BUET660.299/LEV/1967 4  
 2015-03-312015-03-312015-03-31 General Book660_299000000000000_LEV_1967 Central Library, BUETCirculation section 20932Central Library, BUET660.299/LEV/1967 5  
 2023-12-182015-04-012015-04-011General Book660_299000000000000_LEV_1964 Central Library, BUETCirculation section 17502Central Library, BUET660.299/LEV/1964 62023-12-05 
 2020-01-252015-04-012015-04-011General Book660_299000000000000_LEV_1964 Central Library, BUETCirculation section 12542Central Library, BUET660.299/LEV/1964 72019-05-05 
 2015-06-182015-06-182015-06-18 Reading Item660_299000000000000_LEV_1964 Central Library, BUETReading section 36300Central Library, BUET660.299/LEV/1964 8